000 00746nam a2200217 i 4500
001 78194
003 ES-MaACL
005 20230906173603.0
007 t|
008 041013s1973 sp ||||1| spa d
100 1 _aHartman, W.
_961985
245 1 0 _aManual de los sistemas de información /
_cW. Hartman, H. Malthes, A. Proeme ; [traducido por Angel Santo Dolla, Antonio Baca, Francisco Feltrer García].
260 _aMadrid :
_bParaninfo Zaragoza,
_c1973.
300 _a2 v. :
_bil. ;
_c22 cm.
700 1 _aMalthes, H.
_975869
700 1 _aProeme, A.
_994018
700 1 _aSanto Dolla, Angel.
_9103438
700 1 _aNarbona Baca, Angel.
_984936
700 1 _aFeltrer García, Francisco.
_949237
852 _aES-MaACL
_jC-54856-7
_bR.84905
999 _c78194
_d78194